000 00662nam a2200205 a 4500
001 18400
003 CO-ViMGA
008 141112s2004 ck r 000 u spa d
020 _a9589045308
040 _aCO-ViMGA
_bspa
_cCO-ViMGA
082 0 4 _a704.948 A581
100 1 _aAlvarez White, María Cecilia
_926200
245 1 0 _aChiquinquira arte y milagro
260 _aBogotá,
_cPresidencia de la República,
_c1986
300 _a105.p.
590 _aForma de adquisición : Premio - Mincultura
650 1 4 _aARTE CRISTIANO - CHIQUINQUIRA - BOYACA - COLOMBIA
_926201
650 1 4 _aNUESTRA SEÑORA DEL ROSARIO DE CHIQUINQUIRA - HISTORIA
_926202
942 _2ddc
_cBK
999 _c27701
_d27701